000 00910cam a2200229 4500500
005 20260111080443.0
041 _afre
042 _adc
100 1 0 _aBoudine, Joël
_eauthor
245 0 0 _aLe concept d’égalité réelle et la fiscalité des collectivités ultramarines non autonomes
260 _c2020.
500 _a27
690 _aégalité réelle
690 _afiscalité
690 _afiscalité des collectivités ultramarines non autonomes
690 _aimposition de la construction ou de l’acquisition ou de logements sociaux
690 _aprélèvement sur le rhum
690 _aréfaction de l’impôt sur le revenu
690 _aTVA non perçue récupérable
786 0 _nGestion & Finances Publiques | 6 | 6 | 2020-12-09 | p. 53-61 | 1969-1009
856 4 1 _uhttps://droit.cairn.info/revue-gestion-et-finances-publiques-2020-6-page-53?lang=fr&redirect-ssocas=7080
999 _c1616328
_d1616328